| 000 | 00975nam a22002417a 4500 | ||
|---|---|---|---|
| 999 |
_c16295 _d16295 |
||
| 003 | AR-CdUCM | ||
| 008 | 190503b ||||| |||| 00| 0 spa d | ||
| 040 |
_aMUNICIPALIDAD PROVINCIAL DEL CUSCO _cBIBLIOTECA MUNICIPAL DEL CUSCO |
||
| 041 | _hger | ||
| 082 |
_a129.31 / _bD76 |
||
| 100 |
_aDilthey, Guillermo _935655 |
||
| 245 | _aHistoria de la pedagogía / | ||
| 260 |
_aBuenos Aires : _bLosada, _c1957. |
||
| 300 |
_a200 páginas ; _c20.5 cm. |
||
| 440 |
_aPublicaciones de la Revista de Pedagogía / Biblioteca Pedagógica. _n4 _935656 |
||
| 505 | _aContenido: La educación y la pedagogía de los pueblos clásicos -- Los sistemas de educación y las teorías Pedagógicas de los modernos pueblos Europeos -- El siglo XVII y la fundamentación de la didáctica. | ||
| 650 |
_aPedagogía _91560 |
||
| 650 |
_aAprendizaje _92143 |
||
| 650 |
_aEducación _9460 |
||
| 700 |
_aLuzuriaga, Lorenzo (traducción) _930660 |
||
| 942 |
_2ddc _cLIBROS |
||
| 945 |
_aachl _d2019-05-03 |
||